00847naa#a2200169#i#4500001001600000005001700016011001400033100004100047102000700088200029200095210011800387215001000505608004500515675005200560700005000612856001500662RU\\bibl\12437020260602002812.2##a2223-4608##a20260529b2026####ek#y0rusy0150####ca##aRU1#aОптимизация соотношения связующего и отвердителя в эпоксидном полимере с точки зрения адгезионной прочности его соединения с металломeЖурнальная статья1#aБрянскcБрянский государственный технический университетd2026##a8 с.##aЖурнальная статья2local##aантикоррозионные. 621.45.038.72#1aИльинgСтепан Викторович4#anaukaru.ru